000 00966nam a22001937a 4500
003 JO-AjAnu
005 20240629085208.0
008 240406b jo ||||| |||| 00| 0 ara d
040 _aJO-AjAnu
_bara
_cJO-AjAnu
041 1 _aara
100 1 _aبني حمد، اسامة جعفر يوسف
_eمعد
_965297
245 1 0 _aالاختصاص التكاملي للمحكمة الجنائية الدولية = The Integral Jurisdiction of the International Criminal Court /
_cاعداد اسامة جعفر يوسف بني حمد ؛ اشراف عبدالله ماجد العكايلة
260 _c2023
300 _a115 ورقة
500 _aرسالة جامعية ( رسالة ماجستير في القانون) - جامعة عجلون الوطنية (عجلون، الاردن)، كلية الحقوق، 2023.
650 7 0 _aالمحكمة الجنائية
_965298
700 1 _aالعكايلة، عبدالله ماجد.
_eمشرف
_965299
942 _2lcc
_cTHS
_n0
999 _c33424
_d33424